| 000 | 00840nam a2200241Ia 4500 | ||
|---|---|---|---|
| 003 | OSt | ||
| 005 | 20250211111150.0 | ||
| 008 | 210210b2002 xxu||||| |||| 00| 0 eng d | ||
| 020 | _a81 7302 556 8 | ||
| 040 | _cAL | ||
| 041 | _aKannada | ||
| 082 | _aK894.9 PRAP | ||
| 100 |
_aPRADHAN GURUDATTA, Samp. _9116626 _dಪ್ರಧಾನ್ ಗುರುದತ್ತ |
||
| 245 |
_aPurnachandra Tejasvi. _b ಪೂರ್ಣಚಂದ್ರ ತೇಜಸ್ವಿ |
||
| 260 |
_aBengaluru. _bNavakarnataka Prakashana., _c2002 |
||
| 300 | _a112 | ||
| 650 |
_aNavakarnataka Kendra Sahitya Akademi PrashastiMaheshwarayya _9116627 |
||
| 650 |
_aPoornachandra Tejasvi _9116628 |
||
| 690 |
_aKannada Critici _9116629 |
||
| 700 |
_aH M Maheshwarayya _d ಹೆಚ್ ಎಂ ಮಹೇಶ್ವರಯ್ಯ _9198942 |
||
| 906 | _a0579 | ||
| 942 |
_2ddc _cBK |
||
| 999 |
_c105178 _d105178 |
||